00265pab a2200121 454500008004000000100001800040245002800058260000900086300001100095362001000106650001200116773001500128180718b2017 xxu||||| |||| 00| 0 eng d aNayar, Kuldip aHow unsafe are Muslims? c2017 ap.7-8. a2 Sep aMuslims aMainstream